000 00528 a2200181 4500
041 _aEng
082 _a371.75026
_bAs78h
100 _aAssociation of Indian Universities
245 _aHandbook of rules and regulations for
260 _aNew Delhi
_bAssociation of Indian Universities
_c1984
300 _axi, 165p.
650 _aSchool education
650 _aUniversity and colleges sports
_98735
650 _aTournaments
_95935
650 _aLaw and legislation
_95132
653 _aSpecial education
942 _2ddc
_cAS
999 _c49295
_d49292